| 000 | 00893nam a2200229Ia 4500 | ||
|---|---|---|---|
| 999 |
_c4897 _d4897 |
||
| 003 | OSt | ||
| 005 | 20200514103800.0 | ||
| 008 | 191128s2001 ck abd gr 000 0 spa d | ||
| 020 | _a9586165337 | ||
| 040 |
_aCO-JMCR _cCO-JMCR |
||
| 041 | 0 | _aspa | |
| 082 | 0 | 4 |
_a307.76 / _bA388c _223 |
| 100 | 1 |
_aAlfonso Roa, Oscar A., _eeditor _94320 |
|
| 245 | 1 | 0 |
_aCiudad y región en Colombia : _bnueve ensayos de análisis socioeconómico y espacial / _ceditor Oscar A. Alfonso Roa |
| 250 | _aPrimera edición | ||
| 260 |
_aBogotá : _bUniversidad Externado de Colombia, _c2001 |
||
| 300 |
_a693 páginas : _bilustraciones en blanco y negro, mapas, gráficos ; _c24 cm. |
||
| 505 | _aCiudad y región Bogotá y la sabana -- Economía urbana de la reconstrucción -- Red colombiana de ciudades | ||
| 650 | 1 | 4 |
_aSociología urbana _94321 |
| 650 | 2 | 4 |
_aUrbanismo Economía urbana _94322 |
| 942 |
_2ddc _cBK |
||